000 01572nam a2200241Ia 4500
003 Ost
005 20260507075253.0
008 260507s9999||||xx |||||||||||||| ||und||
020 _a54305299619
040 _cfsecg
041 _aara
082 _a330
100 _aعزي، الاخضر أبو علاء
_eمؤلف
245 0 _aسعر صرف الدينار الجزائري بين واقعية السوق و التعديل الهيكلي :
_bمقاربة توقعية و احتياطية /
_c الاخضر أبو علاء عزي
260 _aالجزائر:
_bدار الخلدونية,
_c2010
300 _a112 صفحة؛
_bإيضاحات ؛
_c24 سم
504 _aمراجع ص.106 ؛ ملاحق و اشكال ص.96
520 _aمعرفة القدرات الكبيرة للإقتصاد الجزائري على المستوى الكلي والجزئي -إماطة اللثام عن الصرف الموازي وتبني اقتصاد السوق من واقع الضبط الداخلي الذاتي وكذا توجيهات الصندوق النقدي الدولي- معرفة الوضع الإقتصادي الكلي للجزائر عبر الدورات الاقتصادية- السياسة النقدية واشكالية العملة في الجزائر- اشكالية ميزان المدفوعات الجزائري- الاسس والروافد التعديلية لانعاش الدينار الجزائري.
653 _aالأسواق المالية
653 _aالإقتصاد- الجزائري
653 _aسعر الصرف
942 _cكتاب
999 _c43713
_d43713